| 000 | 00654nam a2200181 a 4500 | ||
|---|---|---|---|
| 008 | 170215s2015 ||||||||||||||||| || u | ||
| 020 | _a9781446280720 | ||
| 050 | _aHF 5415.123 Hac | ||
| 100 | _aHackley, Chris | ||
| 245 | 1 | 0 |
_aAdvertising and promotion. (3rd edition) _cBy Chris Hackley |
| 250 | _a3rd ed. | ||
| 260 |
_aLondon _bSAGE Publications _c2015 |
||
| 300 | _axvi, 326p.:ill | ||
| 350 | _a80.00 | ||
| 650 | _aARDVERTISING | ||
| 650 | 0 | _aMARKETING--MANAGEMENT--CASE STUDIES | |
| 995 |
_FCBU-MAIN LIBRARY (Kitwe) _I80.00 _M1 _UAVAILABLE _WFeb 15, 2017 _ZMain Library Open Access Collection |
||
| 999 |
_c33635 _d33635 |
||